Catálogo público

Cría doméstica de pollos / Haynes Cynthia; versión española Martha Aurora Arrioja Juárez; revisión Lucio Decanini (Record no. 216847)

MARC details
000 -CABECERA
campo de control de longitud fija 01142nam a2200349Ia 4500
001 - NÚMERO DE CONTROL
campo de control Z_1163
008 - DATOS DE LONGITUD FIJA--INFORMACIÓN GENERAL
campo de control de longitud fija 220601s9999 xx 000 0 und d
020 ## - NÚMERO INTERNACIONAL ESTÁNDAR DEL LIBRO
Número Internacional Estándar del Libro 968-18-3209-4
082 ## - NÚMERO DE LA CLASIFICACIÓN DECIMAL DEWEY
Número de clasificación 636.508 H39
100 ## - ENTRADA PRINCIPAL--NOMBRE DE PERSONA
Nombre de persona Haynes, Cynthia
9 (RLIN) 53203
245 ## - MENCIÓN DE TÍTULO
Título Cría doméstica de pollos / Haynes Cynthia; versión española Martha Aurora Arrioja Juárez; revisión Lucio Decanini
260 ## - PUBLICACIÓN, DISTRIBUCIÓN, ETC.
Lugar de publicación, distribución, etc. México : Limusa
300 ## - DESCRIPCIÓN FÍSICA
Extensión 327 p.
500 ## - NOTA GENERAL
Nota general Traducción de la obra en inglés: Raising chickens
503 ## - NOTA DE HISTORIA BIBLIOGRÁFICA (BK CF MU) [OBSOLETO]
Nota de historia bibliográfica ej.1: C/E \ ej.2: C/E
504 ## - NOTA DE BIBLIOGRAFÍA, ETC.
Nota de bibliografía, etc. Bibliografía: p. 321 - 323
650 ## - PUNTO DE ACCESO ADICIONAL DE MATERIA--TÉRMINO DE MATERIA
Término de materia o nombre geográfico como elemento de entrada 1. Aves de corral
650 ## - PUNTO DE ACCESO ADICIONAL DE MATERIA--TÉRMINO DE MATERIA
Término de materia o nombre geográfico como elemento de entrada Pollos
9 (RLIN) 145137
650 ## - PUNTO DE ACCESO ADICIONAL DE MATERIA--TÉRMINO DE MATERIA
Término de materia o nombre geográfico como elemento de entrada gallinas
9 (RLIN) 44441
650 ## - PUNTO DE ACCESO ADICIONAL DE MATERIA--TÉRMINO DE MATERIA
Término de materia o nombre geográfico como elemento de entrada gallos
650 ## - PUNTO DE ACCESO ADICIONAL DE MATERIA--TÉRMINO DE MATERIA
Término de materia o nombre geográfico como elemento de entrada Avucltura
650 ## - PUNTO DE ACCESO ADICIONAL DE MATERIA--TÉRMINO DE MATERIA
Término de materia o nombre geográfico como elemento de entrada Aves de corral -- Enfermedades
650 ## - PUNTO DE ACCESO ADICIONAL DE MATERIA--TÉRMINO DE MATERIA
Término de materia o nombre geográfico como elemento de entrada Aves de corral -- Razas
650 ## - PUNTO DE ACCESO ADICIONAL DE MATERIA--TÉRMINO DE MATERIA
Término de materia o nombre geográfico como elemento de entrada Aves de corral -- Alimentación
650 ## - PUNTO DE ACCESO ADICIONAL DE MATERIA--TÉRMINO DE MATERIA
Término de materia o nombre geográfico como elemento de entrada Huevos de gallina
9 (RLIN) 146165
700 ## - PUNTO DE ACCESO ADICIONAL--NOMBRE DE PERSONA
Nombre de persona Arrioja Juarez, Martha Aurora, tr. \ Decanini, Lucio, rev.Ì
9 (RLIN) 177980
901 ## - ELEMENTOS DE DATOS A LOCAL LDA (RLIN)
a 636.508 H39
902 ## - ELEMENTOS DE DATOS B LOCAL, LDB (RLIN)
a M
905 ## - ELEMENTOS DE DATOS E LOCAL, LDE (RLIN)
a 523227 1990 mx ad 8221113311spa26
942 ## - ELEMENTOS DE PUNTO DE ACCESO ADICIONAL (KOHA)
Tipo de ítem Koha Libro_
Holdings
Estado de retiro Estado de pérdida Fuente del sistema de clasificación o colocación Estado dañado No para préstamo Código de colección Localización permanente Ubicación/localización actual Ubicación en estantería Fecha de adquisición Total de préstamos Código de barras Fecha visto por última vez Fecha del último préstamo Número de copia Precio válido a partir de Tipo de ítem Koha
    Dewey Decimal Classification     General Zootecnia Zootecnia   22/10/2015 1 z_6555 23/04/2025 23/04/2025 2 02/06/2022 Libro
    Dewey Decimal Classification     General Zootecnia Zootecnia   09/11/2005 2 z_1199 09/09/2025 09/09/2025 1 02/06/2022 Libro